Osvojení v československém právním řádu /

Hlavní autor: Švestka, Jiří, 1930-2019
Jazyk: Čeština
Vydáno: Praha : Univerzita Karlova, 1973
Edice: Acta Universitatis Carolinae. Iuridica. Monographia
Externí odkaz: Digitalizovaný dokument
Fyzický popis: 108 s.
Language note: Ruské a francouzské resumé
Knihy
Uloženo v:
LEADER 01193nam a22003012a 4500
001 000132840
003 CZ BrMZK
005 20120801095410.0
007 ta
008 950101s1973 xr f 000 0 cze d
015 |a cnb000463343 
035 |a (OCoLC)6090265 
040 |a BOA001  |b cze 
041 0 |a cze  |b fre  |b rus 
100 1 |a Švestka, Jiří,  |d 1930-2019  |7 jk01131935  |4 aut 
245 1 0 |a Osvojení v československém právním řádu /  |c Jiří Švestka 
260 |a Praha :  |b Univerzita Karlova,  |c 1973 
300 |a 108 s. 
490 1 |a Acta Universitatis Carolinae. Iuridica. Monographia ;  |v 1973, 19 
500 |a V tiráži vročení 1974 
546 |a Ruské a francouzské resumé 
830 0 |a Acta Universitatis Carolinae.  |p Iuridica.  |p Monographia  |0 s 
856 4 1 |u http://www.digitalniknihovna.cz/mzk/uuid/uuid:5f2aeb10-5054-11e3-a739-005056827e52  |y Digitalizovaný dokument  |x NDK 
910 |a BOA001  |b 2-0742.195 
990 |a BK 
991 |b 201207 
996 6 |b 2619950628  |c 2-0742.195  |l Sklad H1  |r Sklad / do 24 hodin  |n 5  |h HS 212  |w 000132840  |u 000020  |a 1  |e BOA001  |j MZK50  |s P 
996 7 |b 2619975808  |c 2-0742.195  |l Sklad H1  |r Sklad / do 24 hodin  |n 41  |h HS 212  |w 000132840  |u 000010  |a 1  |e BOA001  |j MZK50  |s A